00539nam a22001697a 450000500170000001000130001702000260003003500110005603700130006708200080008010000230008824500630011124600530017426000520022727000670027930000230034620210915120526.0 aUR-11233 c300.00a9789390789634 aU-9788 bDBAD/PUB a841 aا ر شد قمر  aر ا حتو ں کا سبز مو سم cا ر شد قمر  aRahaton Ka Sabz Mousam (Urdu)bby Arshad Qamar  aN.Delhic2021 ءbEducational Publishing House  a3191, Vakil Street, Kucha Pandit Lal Kuan,b Delhie110006l - a144 ص c22 Cm(Hb)